| 000 | 00796cam a2200241 a 4500 | ||
|---|---|---|---|
| 001 | 1441147 | ||
| 005 | 20160809093120.0 | ||
| 008 | 850122s1985 oku b s001 0 eng | ||
| 010 | _a 85000994 | ||
| 020 | _a0806119403 | ||
| 040 |
_aDLC _cDLC _dDLC |
||
| 050 | 0 | 0 |
_aPR2976 _b.M746 1985b |
| 082 | 0 | 0 |
_a822.3/3 _219 |
| 100 | 1 | _aMuir, Kenneth. | |
| 245 | 1 | 0 |
_aShakespeare : _bcontrasts and controversies / _cby Kenneth Muir. |
| 250 | _a1st ed. | ||
| 260 |
_aNorman : _bUniversity of Oklahoma Press, _c1985. |
||
| 300 |
_axi, 191 p. ; _c23 cm. |
||
| 504 | _aIncludes bibliographies and index. | ||
| 600 | 1 | 0 |
_aShakespeare, William, _d1564-1616 _xCriticism and interpretation. |
| 906 |
_a7 _bcbc _corignew _d1 _eocip _f19 _gy-gencatlg |
||
| 942 |
_2lcc _cBOOKS _hPR 2976 .M746 1985 |
||
| 999 |
_c12887 _d12887 |
||